000 01241nam a22003617a 4500
001 200
003 FISKH
005 20230303152259.0
008 880610t19881985nyua j 000 1 eng
040 _aDLC
_cDLC
_dDLC
_dFISKH
_beng
042 _alcac
050 1 0 _aPZ7.R982
_bEr 1988
082 0 0 _a808.83
_219
100 1 _aRylant, Cynthia.
245 1 0 _aEvery living thing /
_cstories by Cynthia Rylant ; decorations by S.D. Schindler.
250 _a1st Aladdin Books ed.
260 _aNew York :
_bAladdin Books,
_c1988
300 _a81 p. :
_bill. ;
_c20 cm.
505 _aQ
520 _aTwelve stories in which animals change people's lives for the better.
521 8 _a870
_bLexile
521 8 _aQ
_bRaz-Plus
650 0 _aChildren's stories, American.
650 1 _aAnimals
_xFiction.
650 1 _aAnimals
_xFiction.
650 1 _aPets
_xTherapeutic use
_xFiction.
650 1 _aShort stories.
700 1 _aSchindler, S. D.,
_eill.
856 4 2 _3Publisher description
_uhttp://www.loc.gov/catdir/description/simon033/88019359.html
856 4 2 _3Contributor biographical information
_uhttp://www.loc.gov/catdir/enhancements/fy0913/88019359-b.html
906 _a7
_bcbc
_corignew
_d1
_eocip
_f19
_gy-gencatlg
942 _2ddc
_cBK
_n0
999 _c200
_d200